[Event "ch-FRA Blitz Online Qual"]
[Site "Europe-Chess INT"]
[Date "2020.05.16"]
[Round "14"]
[White "Janzelj, Lara"]
[Black "Brunner, Nicolas"]
[Result "1-0"]
[WhiteTitle "WIM"]
[BlackTitle "IM"]
[WhiteElo "2210"]
[BlackElo "2428"]
[WhiteFideId "14608391"]
[BlackFideId "620246"]
[EventDate "2020.05.16"]

1. d4 Nf6 2. c4 e6 3. Nf3 d5 4. Nc3 Bb4 5. cxd5 exd5 6. Bg5 h6 7. Bh4 O-O 8. e3
Bf5 9. Bd3 Bxd3 10. Qxd3 c6 11. O-O Bd6 12. Ne5 Re8 13. f4 Be7 14. Rf3 Nfd7 15.
Bxe7 Qxe7 16. Rg3 a5 17. Rf1 f6 18. Ng4 Kh8 19. Nxh6 gxh6 20. Qg6 Na6 21. Rh3
Nf8 22. Rxh6+ Nh7 23. Rf3 Qg7 24. Rxh7+ Qxh7 25. Qxf6+ Qg7 26. Rh3+ Kg8 27. Rg3
Qxg3 28. hxg3 Rxe3 29. g4 Rae8 30. f5 Nb4 31. g5 Nd3 32. Qg6+ Kf8 33. f6 Re1+
34. Kh2 1-0

[Event "ch-FRA Blitz Online Qual"]
[Site "Europe-Chess INT"]
[Date "2020.05.16"]
[Round "14"]
[White "Okhotnik, Vladimir"]
[Black "Daeschler, Florian"]
[Result "1-0"]
[WhiteTitle "GM"]
[BlackTitle "FM"]
[WhiteElo "2359"]
[BlackElo "2322"]
[WhiteFideId "14101289"]
[BlackFideId "20678193"]
[EventDate "2020.05.16"]

1. d4 d5 2. Bf4 Nf6 3. e3 c5 4. c3 Nc6 5. Nd2 cxd4 6. exd4 Bf5 7. Qb3 Qc8 8.
Ngf3 e6 9. Bb5 Be7 10. Ne5 O-O 11. Bd3 Bxd3 12. Nxd3 b6 13. O-O Qb7 14. Qd1 Rac8
15. Qf3 Na5 16. Ne5 b5 17. b3 Nd7 18. Nd3 Rxc3 19. Rac1 Rfc8 20. Qg3 Rxc1 21.
Nxc1 Nc6 22. Ne2 Bf6 23. Nf3 Ne7 24. Be5 Nf5 25. Qf4 Bxe5 26. dxe5 h6 27. Ned4
Nxd4 28. Nxd4 a6 29. h4 Rc2 30. Nxc2 Qc7 31. Nd4 1-0

[Event "ch-FRA Blitz Online Qual"]
[Site "Europe-Chess INT"]
[Date "2020.05.16"]
[Round "14"]
[White "Muller, Anthony"]
[Black "Ellis, Antoine"]
[Result "1-0"]
[WhiteElo "2278"]
[BlackElo "2066"]
[WhiteFideId "20682743"]
[BlackFideId "36019992"]
[EventDate "2020.05.16"]

1. d4 Nf6 2. c4 e6 3. Nc3 Bb4 4. Nf3 c5 5. Bg5 h6 6. Bxf6 Qxf6 7. Rc1 O-O 8. e3
Nc6 9. a3 Bxc3+ 10. Rxc3 d6 11. Be2 Nxd4 12. exd4 b6 13. O-O Bb7 14. dxc5 dxc5
15. Qd7 Be4 16. Qc7 Rad8 17. Re3 Ba8 18. Qe5 Qg6 19. Rc1 Rd2 20. Qc3 Rfd8 21.
Ne1 h5 22. Bd3 R8xd3 23. Rxd3 Re2 24. Rg3 Qh6 25. Rc2 Re4 26. Re3 Rg4 27. f3 Rg6
28. Rd2 Kh7 29. Rd8 Bc6 30. Rc8 Bb7 31. Rc7 Ba8 32. Rxf7 h4 33. Rd3 h3 34. g3 e5
35. Qd2 Rg5 36. Rdd7 Rg6 37. Qxh6+ Kxh6 38. Rxa7 Bc6 39. Kf2 e4 40. f4 Rd6 41.
Ke2 e3 42. Rfe7 Rd2+ 43. Kxe3 Rxh2 44. Nf3 Rxb2 45. Rxg7 Rb3+ 46. Ke2 Bxf3+ 47.
Kf2 Bg2 48. Rh7+ Kg6 49. Rhg7+ Kf5 50. Rg5+ Ke4 51. Re5+ Kd4 52. Rh7 Rf3+ 53.
Ke2 Kxc4 54. Rxh3 Rxa3 55. Rh6 Rxg3 56. Rg5 Rxg5 57. fxg5 Bd5 58. Rxb6 Kd4 59.
g6 Ke5 60. g7 c4 61. Kd2 Kd4 62. Rd6 c3+ 63. Kc1 Kc5 64. Rxd5+ Kxd5 65. g8=Q+ 1-0

[Event "ch-FRA Blitz Online Qual"]
[Site "Europe-Chess INT"]
[Date "2020.05.16"]
[Round "14"]
[White "Droin, Augustin"]
[Black "Nizard, Roger"]
[Result "0-1"]
[WhiteTitle "FM"]
[WhiteElo "2313"]
[BlackElo "2144"]
[WhiteFideId "45105987"]
[BlackFideId "604569"]
[EventDate "2020.05.16"]

1. e4 c5 2. Nf3 d6 3. d4 cxd4 4. Nxd4 Nf6 5. Nc3 a6 6. Qd3 Nbd7 7. Bg5 e6 8. f4
Be7 9. O-O-O Qc7 10. Be2 h6 11. Bxf6 Nxf6 12. g4 Nd7 13. h4 Nc5 14. Qe3 b5 15.
g5 b4 16. Nb1 Bb7 17. Bf3 Rc8 18. g6 Qa5 19. gxf7+ Kxf7 20. f5 e5 21. Ne6 Qxa2
22. Nxc5 Rxc5 23. Bh5+ Kf8 24. Rde1 Qc4 25. Re2 Bf6 26. b3 Qb5 27. Rd1 Ke7 28.
Red2 Rhc8 29. Be2 Qc6 30. Bd3 Bxh4 31. Qh3 Bg5 32. f6+ gxf6 33. Qf5 Rxc2+ 0-1

[Event "ch-FRA Blitz Online Qual"]
[Site "Europe-Chess INT"]
[Date "2020.05.16"]
[Round "14"]
[White "Lamorelle, Yves"]
[Black "Macon, Arthur"]
[Result "0-1"]
[WhiteTitle "FM"]
[BlackTitle "FM"]
[WhiteElo "2052"]
[BlackElo "2310"]
[WhiteFideId "601810"]
[BlackFideId "20654707"]
[EventDate "2020.05.16"]

1. e4 c6 2. d4 d5 3. e5 Bf5 4. g4 Bd7 5. h4 c5 6. dxc5 e6 7. Be3 Qc7 8. Nf3 Bxc5
9. Bxc5 Qxc5 10. c3 Nc6 11. Bd3 Nge7 12. h5 h6 13. Nbd2 Qb6 14. O-O O-O-O 15. b4
Kb8 16. a4 Qc7 17. Re1 f6 18. exf6 gxf6 19. a5 Rhg8 20. Nd4 Nxd4 21. cxd4 Qf4
22. Be2 e5 23. Nf1 Bxg4 24. Bxg4 Rxg4+ 25. Ng3 Nf5 26. Ra3 Nxg3 27. fxg3 Rxg3+
28. Rxg3 Qxg3+ 29. Kf1 Qh3+ 30. Kf2 Qh2+ 31. Ke3 Qf4+ 32. Ke2 exd4 33. Qd3 Re8+
34. Kd1 Rxe1+ 35. Kxe1 Qe4+ 0-1

[Event "ch-FRA Blitz Online Qual"]
[Site "Europe-Chess INT"]
[Date "2020.05.16"]
[Round "14"]
[White "Ciccoli, Theo"]
[Black "Claverie, Christophe"]
[Result "0-1"]
[BlackTitle "IM"]
[WhiteElo "2178"]
[BlackElo "2304"]
[WhiteFideId "26053780"]
[BlackFideId "605514"]
[EventDate "2020.05.16"]

1. d4 Nf6 2. Nf3 g6 3. Nc3 d6 4. e4 Bg7 5. Be3 O-O 6. Qd2 Bg4 7. Bh6 Bxf3 8.
gxf3 Nc6 9. d5 Nd4 10. O-O-O Nxf3 11. Qf4 Nh5 12. Qe3 Bxh6 13. Qxh6 e5 14. dxe6
fxe6 15. Be2 Qf6 16. Nb5 Rf7 17. Kb1 a6 18. Nc3 Qf4 19. Qxf4 Rxf4 20. Bc4 Ng7
21. a3 Ne5 22. Be2 Rxf2 23. h4 h5 24. Rdg1 Raf8 25. Rg3 Kh7 26. Kc1 Ne8 27. Kd1
R2f4 28. Kd2 Nf6 29. b3 Nxe4+ 30. Nxe4 Rxe4 31. Rhg1 Rxh4 32. c4 Rh2 33. Kd1
Rff2 34. Bxh5 Rxh5 35. b4 Rhh2 36. Rc3 Ra2 37. Rc1 Rad2+ 38. Ke1 Nf3+ 39. Kf1
Rdf2# 0-1

[Event "ch-FRA Blitz Online Qual"]
[Site "Europe-Chess INT"]
[Date "2020.05.16"]
[Round "14"]
[White "Pichon, Ewen"]
[Black "Loiseau, Quentin"]
[Result "0-1"]
[BlackTitle "IM"]
[WhiteElo "1821"]
[BlackElo "2457"]
[WhiteFideId "45155593"]
[BlackFideId "665274"]
[EventDate "2020.05.16"]

1. d4 Nf6 2. c4 g6 3. Nc3 Bg7 4. e4 O-O 5. f4 d6 6. Nf3 c5 7. d5 e6 8. Be2 exd5
9. cxd5 Bg4 10. O-O Na6 11. h3 Bxf3 12. Bxf3 Nd7 13. Re1 Re8 14. Bd2 c4 15. Kh1
Nac5 16. Nb5 Qb6 17. Na3 Qa6 18. Qc2 b5 19. Rab1 Nd3 20. Re2 N7c5 21. Bc3 Bxc3
22. Qxc3 b4 23. Qxc4 bxa3 24. Qxa6 Nxa6 25. bxa3 Nxf4 26. Reb2 Nc5 27. Rb4 Nfd3
28. Rd4 Nf2+ 29. Kg1 Nfxe4 30. Rdb4 Nd2 0-1

[Event "ch-FRA Blitz Online Qual"]
[Site "Europe-Chess INT"]
[Date "2020.05.16"]
[Round "14"]
[White "Le Goff, Damien"]
[Black "Djidjeli, Sofiane"]
[Result "1/2-1/2"]
[WhiteTitle "FM"]
[WhiteElo "2281"]
[BlackElo "2209"]
[WhiteFideId "634808"]
[BlackFideId "36067520"]
[EventDate "2020.05.16"]

1. e4 e5 2. Nf3 Nf6 3. d4 Nxe4 4. Bd3 d5 5. Nxe5 Nd7 6. Nxd7 Bxd7 7. O-O Bd6 8.
Nc3 Nxc3 9. bxc3 O-O 10. Qh5 f5 11. Rb1 b6 12. Bg5 Qe8 13. Qh4 Qg6 14. Bf4 h6
15. Rfe1 Rae8 16. Qg3 Qxg3 17. hxg3 Kf7 18. Rxe8 Rxe8 19. Bxd6 cxd6 20. c4 dxc4
21. Bxc4+ Kf6 22. Kf1 Rc8 23. Bd3 g5 24. Ke2 h5 25. Rh1 Rh8 26. f4 gxf4 27. gxf4
Bc6 28. Rh2 h4 29. c4 d5 30. Kd2 dxc4 31. Bxc4 Be4 32. a3 a5 33. Bd3 Bd5 34. Bf1
Be4 35. Rh3 Rd8 36. Ke3 Rc8 37. Rxh4 Rc3+ 38. Kf2 Ke6 39. Rh6+ Kd5 40. a4 Kxd4
41. Rxb6 Ra3 42. Bb5 Ra2+ 43. Be2 Rxa4 44. Rb2 Rb4 45. Ra2 a4 46. g4 fxg4 47.
Bxg4 Bb1 48. Ra3 Ke4 49. Bd7 Bc2 50. f5 Ke5 51. Re3+ Kd6 52. Be8 Bxf5 53. Bxa4
Rxa4 54. Kg3 Be6 55. Re1 Ke7 56. Re5 Kf6 57. Rc5 Bf5 58. Kf2 Kg5 59. Ke3 Re4+
60. Kd2 Kf4 61. Rc7 Re3 62. Rf7 Ra3 63. Ke2 Ra2+ 64. Kf1 Kg4 65. Ke1 Be4 66. Rf2
Ra3 67. Kd2 Rd3+ 68. Ke2 Rd8 69. Rf6 Bf5 70. Ke3 Re8+ 71. Kd4 Re4+ 72. Kd5 Kf4
73. Rh6 Re1 74. Kd4 Rd1+ 75. Kc4 Ke5 76. Rh5 Rc1+ 77. Kb5 Ke6 78. Kb4 Be4 79.
Rh4 Kd5 80. Rh5+ Kd4 81. Rh4 Rb1+ 82. Ka4 Kd5 83. Ka3 Bd3 84. Rb4 Ra1+ 85. Kb2
Rb1+ 86. Kc3 Rxb4 87. Kxb4 1/2-1/2

[Event "ch-FRA Blitz Online Qual"]
[Site "Europe-Chess INT"]
[Date "2020.05.16"]
[Round "14"]
[White "Le Goff, Ronan"]
[Black "Lamaze, Simon"]
[Result "1/2-1/2"]
[WhiteTitle "FM"]
[BlackTitle "CM"]
[WhiteElo "2267"]
[BlackElo "2185"]
[WhiteFideId "612073"]
[BlackFideId "36069264"]
[EventDate "2020.05.16"]

1. d4 Nf6 2. Nf3 e6 3. g3 b6 4. Bg2 Bb7 5. O-O Be7 6. c4 d5 7. Nc3 c6 8. Ne5 O-O
9. e4 Nbd7 10. Nxc6 Bxc6 11. exd5 exd5 12. cxd5 Bb7 13. d6 Bxg2 14. dxe7 Qxe7
15. Kxg2 Rfd8 16. Be3 Rac8 17. Qf3 Qb4 18. Rab1 Nf8 19. Rfd1 Ng6 20. Bg5 Rxd4
21. Bxf6 Rxd1 22. Rxd1 gxf6 23. Nd5 Qxb2 24. h4 Qe5 25. Nxf6+ Kh8 26. Ng4 Qe7
27. h5 Ne5 28. Nxe5 Qxe5 29. Qxf7 Rg8 30. Rd7 Qe4+ 31. Qf3 Qxf3+ 32. Kxf3 Rg5
33. h6 Kg8 34. Rxa7 Rh5 35. Rg7+ Kh8 36. Rb7 Rxh6 37. g4 Rc6 38. Kg3 Rc3+ 39. f3
Ra3 40. Rxb6 Rxa2 41. Rb7 Kg8 42. g5 Ra4 43. f4 Ra1 44. Kg4 Rc1 45. Rb5 Ra1 46.
Kf5 Ra6 47. Rb7 Rc6 48. Rd7 Ra6 49. Re7 Ra4 50. Re4 Ra6 51. Re5 Ra4 52. Rd5 Rb4
53. Ke5 Rb6 54. f5 Rb8 55. Rd6 Ra8 56. Kf6 Rf8+ 57. Ke6 Re8+ 58. Kd7 Re5 59. Rf6
Ra5 60. Ke7 Ra7+ 61. Ke6 Ra6+ 62. Ke5 Ra5+ 63. Kf4 Ra4+ 64. Kg3 Ra3+ 65. Kg4
Ra4+ 66. Kh5 Ra1 67. Rb6 Rh1+ 68. Kg4 Rg1+ 69. Kf4 Rf1+ 70. Ke5 Re1+ 71. Kf6 Re8
72. Rb7 Rf8+ 73. Ke6 Re8+ 74. Re7 Ra8 75. Rd7 Re8+ 76. Kd6 Ra8 77. f6 Rb8 78.
Ke7 Ra8 79. Rd8+ Rxd8 80. Kxd8 Kf7 81. Kd7 h6 82. gxh6 Kxf6 83. h7 Kg7 84. h8=Q+
Kxh8 1/2-1/2

[Event "ch-FRA Blitz Online Qual"]
[Site "Europe-Chess INT"]
[Date "2020.05.16"]
[Round "14"]
[White "Guillemart, Serge"]
[Black "Louistisserand, Patrick"]
[Result "1/2-1/2"]
[BlackTitle "FM"]
[WhiteElo "2107"]
[BlackElo "2245"]
[WhiteFideId "26015579"]
[BlackFideId "635049"]
[EventDate "2020.05.16"]

1. e4 c5 2. Nf3 e6 3. d4 cxd4 4. Nxd4 Nf6 5. Nc3 Nc6 6. Nxc6 bxc6 7. e5 Nd5 8.
Ne4 Qc7 9. f4 Qb6 10. a3 f5 11. exf6 Nxf6 12. Nxf6+ gxf6 13. Qh5+ Kd8 14. Be2 a5
15. b3 Ba6 16. Bb2 Be7 17. O-O-O Qe3+ 18. Rd2 Bxe2 19. Qxe2 Qxe2 20. Rxe2 Rg8
21. g3 Kc7 22. a4 f5 23. Rd1 Bb4 24. Be5+ Kc8 25. Kb2 Bf8 26. Bd6 Bxd6 27. Rxd6
Kc7 28. Red2 Rg7 29. Kc3 Rb8 30. Kc4 h5 31. c3 Ra8 32. Kc5 Rd8 33. b4 axb4 34.
cxb4 h4 35. R2d3 hxg3 36. hxg3 Rh7 37. b5 cxb5 38. axb5 Rh1 39. b6+ Kc8 40. b7+
Kxb7 41. Rxd7+ Rxd7 42. Rxd7+ Kc8 43. Rg7 Rd1 44. g4 fxg4 45. Rxg4 Kd7 46. Rg7+
Ke8 47. Ra7 Kf8 48. Kc4 Rf1 49. Kd4 Rxf4+ 50. Ke5 Rf7 51. Ra8+ Ke7 52. Ra7+ Kf8
53. Ra8+ Ke7 54. Ra7+ Kf8 1/2-1/2

[Event "ch-FRA Blitz Online Qual"]
[Site "Europe-Chess INT"]
[Date "2020.05.16"]
[Round "14"]
[White "Gatineau, Yovann"]
[Black "Le Pen, Steven"]
[Result "0-1"]
[WhiteTitle "FM"]
[WhiteElo "2423"]
[BlackElo "2141"]
[WhiteFideId "26028999"]
[BlackFideId "612197"]
[EventDate "2020.05.16"]

1. Nf3 c5 2. c4 Nc6 3. b3 e5 4. Bb2 d6 5. d3 g6 6. g3 Bg7 7. Qc1 Nge7 8. Bg2 O-O
9. O-O h6 10. e3 Be6 11. Nc3 Qd7 12. a3 Bh3 13. Nd5 Bxg2 14. Nxe7+ Nxe7 15. Kxg2
f5 16. d4 cxd4 17. exd4 e4 18. Ne1 f4 19. f3 exf3+ 20. Nxf3 g5 21. d5 Bxb2 22.
Qxb2 Nf5 23. Kh1 fxg3 24. Rae1 Qg7 25. Qc2 gxh2 26. Qxh2 Rae8 27. Rxe8 Rxe8 28.
Qf2 Rf8 29. Nh2 Qd4 30. Qe1 Qe5 31. Qxe5 dxe5 32. Kg1 Kg7 33. Ng4 e4 34. c5 h5
35. Ne5 e3 36. d6 e2 37. Re1 Nd4 38. b4 Rd8 39. Kf2 Kf6 40. Nd3 g4 41. Rh1 Kg5
42. Ke3 Nf5+ 43. Kxe2 Ng3+ 44. Ke3 Nxh1 45. Ne5 Re8 46. Kd4 g3 47. d7 Rd8 48.
Nf7+ Kf6 49. Nxd8 g2 50. Ne6 g1=Q+ 51. Kc4 Qg4+ 52. Kb5 Qxe6 53. d8=Q+ Kf5 54.
Qd3+ Qe4 55. Qd7+ Kf4 56. Qf7+ Ke3 57. Qxh5 Nf2 58. Qg5+ Kd3 59. Qg3+ Qe3 60.
Qd6+ Kc3 61. Qf6+ Kb3 62. Qf7+ Kxa3 63. Qc4 Qd3 64. Qxd3+ Nxd3 65. c6 bxc6+ 66.
Kxc6 Kxb4 0-1

[Event "ch-FRA Blitz Online Qual"]
[Site "Europe-Chess INT"]
[Date "2020.05.16"]
[Round "14"]
[White "Ternault, Mathieu"]
[Black "Nineuil, Vincent"]
[Result "1-0"]
[WhiteTitle "FM"]
[WhiteElo "2363"]
[BlackElo "1920"]
[WhiteFideId "20641532"]
[BlackFideId "688380"]
[EventDate "2020.05.16"]

1. Nf3 Nf6 2. c4 c5 3. e3 g6 4. d4 cxd4 5. exd4 Bg7 6. Nc3 d5 7. cxd5 Nxd5 8.
Bc4 Nxc3 9. bxc3 O-O 10. O-O Nc6 11. h3 e5 12. d5 Na5 13. Be2 b6 14. Ba3 Re8 15.
c4 Nb7 16. Qd2 Bf5 17. Rfd1 Rc8 18. Rac1 Nd6 19. Qb4 Bf8 20. Qb3 h5 21. Qe3 Qf6
22. Bb2 Bg7 23. Nd2 Qh4 24. Bf1 f6 25. Nf3 Qf4 26. Qxf4 exf4 27. Nd4 Bd7 28. Nb3
Nb7 29. Bd3 Kf7 30. Ba3 Ba4 31. Re1 Rxe1+ 32. Rxe1 Re8 33. Rxe8 Bxe8 34. Nd4 Bf8
35. Bxg6+ Kxg6 36. Bxf8 Na5 37. c5 bxc5 38. Bxc5 a6 39. Ne6 Kf5 40. Ng7+ Ke4 41.
Nxe8 Kxd5 42. Bb6 Nc4 43. Bd8 f5 44. Nf6+ Kd4 45. Nxh5 Nd6 46. Nxf4 Nf7 47. Bf6+
Ne5 48. Ng6 Kc4 49. Nxe5+ Kb4 50. h4 Ka3 51. h5 Kxa2 52. h6 Kb3 53. h7 a5 54.
h8=Q 1-0

[Event "ch-FRA Blitz Online Qual"]
[Site "Europe-Chess INT"]
[Date "2020.05.16"]
[Round "14"]
[White "Eden, James"]
[Black "Massiani, Xavier"]
[Result "1-0"]
[WhiteTitle "IM"]
[WhiteElo "2330"]
[BlackElo "1781"]
[WhiteFideId "666491"]
[BlackFideId "45145059"]
[EventDate "2020.05.16"]

1. e4 c6 2. d4 d5 3. Nc3 dxe4 4. Nxe4 Nf6 5. Nxf6+ exf6 6. c3 Bd6 7. Bd3 O-O 8.
Qc2 h5 9. Ne2 Nd7 10. Be3 Re8 11. O-O-O Nf8 12. Kb1 Be6 13. Ng3 Qa5 14. c4 b5
15. d5 cxd5 16. cxd5 Bxd5 17. Bh7+ Nxh7 18. Rxd5 Be5 19. Qb3 Qa4 20. Rxb5 Qg4
21. h3 Qg6+ 22. Qc2 Qxc2+ 23. Kxc2 Bxg3 24. Rxh5 Rac8+ 25. Kb1 Be5 26. Rh4 Nf8
27. Bxa7 Ng6 28. Ra4 Red8 29. Be3 f5 30. h4 f4 31. Bc1 Nxh4 32. Bxf4 Bxf4 33.
Rxf4 Ng6 34. Rb4 Rd2 35. Rf1 f6 36. a4 Ne5 37. Ka1 Nd3 38. Rd4 Rcc2 39. Rb1 Nxf2
40. Rxd2 Rxd2 41. a5 Ne4 42. Rc1 Rd5 43. b4 Nd2 44. Kb2 Rb5 45. Kc3 Ne4+ 46. Kb3
Rb8 47. a6 Kf7 48. Rc7+ Ke6 49. a7 Ra8 50. b5 Kd6 51. b6 g5 52. Rc1 Nc5+ 53.
Rxc5 Kxc5 54. b7 Rxa7 55. b8=Q Rd7 56. Qe8 Kd6 57. Kc4 Re7 58. Qd8+ Ke6 59. Qd5# 1-0

[Event "ch-FRA Blitz Online Qual"]
[Site "Europe-Chess INT"]
[Date "2020.05.16"]
[Round "14"]
[White "Alvin, Leo"]
[Black "Suarez Real, Alberto"]
[Result "1-0"]
[BlackTitle "IM"]
[WhiteElo "2025"]
[BlackElo "2448"]
[WhiteFideId "695645"]
[BlackFideId "2218534"]
[EventDate "2020.05.16"]

1. d4 Nf6 2. Nc3 d5 3. Bf4 Bf5 4. e3 e6 5. f3 Bd6 6. g4 Bg6 7. h4 h6 8. h5 Bh7
9. Bd3 Bxd3 10. Qxd3 Nc6 11. Nge2 a6 12. O-O-O Qd7 13. Kb1 O-O-O 14. Bxd6 cxd6
15. e4 dxe4 16. Nxe4 Qe7 17. a3 Kb8 18. N2c3 Rc8 19. Rhe1 Rc7 20. Qe3 Na5 21.
Nxf6 Qxf6 22. Ne4 Qe7 23. b3 Rhc8 24. c4 d5 25. Nc5 dxc4 26. b4 Nb3 27. Re2 Qf6
28. Rc2 Nxc5 29. dxc5 Rd8 30. Rcd2 Rxd2 31. Rxd2 c3 32. Rd3 c2+ 33. Kxc2 Qa1 34.
Qc1 Qa2+ 35. Qb2 Qc4+ 36. Qc3 Qa2+ 37. Qb2 Qc4+ 38. Qc3 Qf4 39. Qd2 Qc4+ 40. Kb2
a5 41. Rd4 Qb5 42. Kb3 axb4 43. axb4 Qxc5 44. bxc5 1-0

[Event "ch-FRA Blitz Online Qual"]
[Site "Europe-Chess INT"]
[Date "2020.05.16"]
[Round "14"]
[White "Travadon, Loic"]
[Black "Roussel, Simon"]
[Result "1-0"]
[WhiteTitle "IM"]
[WhiteElo "2431"]
[BlackElo "2140"]
[WhiteFideId "26092131"]
[BlackFideId "26025710"]
[EventDate "2020.05.16"]

1. d4 Nf6 2. c4 e6 3. Nc3 Bb4 4. Nf3 O-O 5. Bd2 c5 6. e3 cxd4 7. exd4 d5 8. cxd5
Nxd5 9. Bd3 Qf6 10. O-O Bxc3 11. bxc3 Nf4 12. Be4 Nc6 13. g3 Nd5 14. c4 Nxd4 15.
cxd5 exd5 16. Bxd5 Bg4 17. Kg2 Rad8 18. Bxb7 Nxf3 19. Bxf3 Rxd2 20. Bxg4 Rxd1
21. Rfxd1 g6 22. Rac1 h5 23. Bf3 Qe6 24. Rc6 Qe5 25. Rd5 Qb2 26. Rd7 Kg7 27. Be4
Kh6 28. Rxf7 Rg8 29. Rcc7 Qe5 30. Rh7+ Kg5 31. f4+ Qxf4 32. gxf4+ Kxf4 33. Rce7
Rd8 34. Rhf7+ Kg4 35. Bf3+ Kg5 36. Re5+ Kh4 37. Rf4# 1-0

[Event "ch-FRA Blitz Online Qual"]
[Site "Europe-Chess INT"]
[Date "2020.05.16"]
[Round "14"]
[White "Bujisho, Benjamin"]
[Black "Lauron, Wesley"]
[Result "0-1"]
[WhiteTitle "IM"]
[WhiteElo "2290"]
[BlackElo "1878"]
[WhiteFideId "608610"]
[BlackFideId "36012769"]
[EventDate "2020.05.16"]

1. e4 e5 2. Nf3 c6 3. d4 exd4 4. Qxd4 d5 5. exd5 cxd5 6. Nc3 Bd7 7. Nxd5 Nc6 8.
Qe4+ Be7 9. Bf4 Rc8 10. O-O-O Qa5 11. Bd3 Qxa2 12. Nxe7 Ngxe7 13. Bc4 Qa1+ 14.
Kd2 Qa5+ 15. c3 O-O 16. Bd3 Bf5 17. Qe3 Rfd8 18. Ke2 Bxd3+ 19. Rxd3 Qb5 20. Rd1
Nd5 21. Qd2 Nxf4+ 22. Qxf4 Rxd3 23. Rxd3 Qxb2+ 24. Qd2 Qxd2+ 25. Kxd2 f6 26. Kc1
Rd8 27. Re3 Kf7 28. Nd2 Ne5 29. Kc2 Rd6 30. Ne4 Ra6 31. f4 Ra2+ 32. Kb3 Rxg2 33.
fxe5 fxe5 34. Nc5 b6 35. Nd7 Rxh2 36. Nxe5+ Kf6 37. Nc6 a5 38. Nd4 h5 39. Re6+
Kf7 40. Rxb6 h4 41. Nf5 h3 42. Rb7+ Kf6 43. Nxg7 Rh1 44. Nh5+ Kg5 45. Ng3 Rb1+
46. Ka4 Rxb7 0-1

[Event "ch-FRA Blitz Online Qual"]
[Site "Europe-Chess INT"]
[Date "2020.05.16"]
[Round "14"]
[White "Navrotescu, Catalin"]
[Black "Poulet, Benoit"]
[Result "1-0"]
[WhiteTitle "IM"]
[WhiteElo "2348"]
[BlackElo "2094"]
[WhiteFideId "1200208"]
[BlackFideId "26085844"]
[EventDate "2020.05.16"]

1. d4 Nf6 2. g3 d5 3. Nf3 g6 4. c4 Bg7 5. cxd5 Nxd5 6. Bg2 Nc6 7. O-O Nb6 8. e3
O-O 9. Nc3 Re8 10. Qc2 e5 11. dxe5 Nxe5 12. Rd1 Qe7 13. Nxe5 Bxe5 14. e4 Bg4 15.
f3 Qc5+ 16. Qf2 Qxf2+ 17. Kxf2 Be6 18. f4 Bxc3 19. bxc3 Nc4 20. Be3 Red8 21. Bd4
Bg4 22. Rdb1 c5 23. Bxc5 Rd2+ 24. Kg1 b6 25. Bd4 Rc8 26. h3 Be2 27. a4 Re8 28.
e5 Rd8 29. Re1 Nb2 30. Ra2 Bc4 31. Raa1 Nd3 32. Red1 Rc2 33. Be4 Rxd4 34. cxd4
Rc3 35. Bxd3 Bxd3 36. Rac1 Ra3 37. d5 Be4 38. Kf2 Rf3+ 39. Ke2 Rxg3 40. d6 Bf3+
41. Kf2 Rxh3 42. d7 Bxd1 43. d8=Q+ Kg7 44. Rxd1 Ra3 45. Qf6+ 1-0

[Event "ch-FRA Blitz Online Qual"]
[Site "Europe-Chess INT"]
[Date "2020.05.16"]
[Round "14"]
[White "Bulmaga, Irina"]
[Black "Bailly, Thierry"]
[Result "1-0"]
[WhiteTitle "IM"]
[WhiteElo "2440"]
[BlackElo "1989"]
[WhiteFideId "13903063"]
[BlackFideId "26051680"]
[EventDate "2020.05.16"]

1. e4 c5 2. Nf3 e6 3. d4 cxd4 4. Nxd4 Nf6 5. Nc3 Nc6 6. Ndb5 Bb4 7. a3 Bxc3+ 8.
Nxc3 d5 9. Bd3 O-O 10. O-O d4 11. Ne2 e5 12. h3 Be6 13. f4 exf4 14. Bxf4 Nd7 15.
Qe1 Nc5 16. Qg3 Nxd3 17. cxd3 f5 18. Bd6 Rf7 19. Be5 Nxe5 20. Qxe5 Qd7 21. Nxd4
Re8 22. Nxe6 Rxe6 23. Qb8+ Re8 24. Qxa7 Qxd3 25. exf5 Qc2 26. Rf2 Qc6 27. Qd4
Ref8 28. Raf1 Rf6 29. Rf3 Rd6 30. Qc3 Qb6+ 31. Kh1 Rc6 32. Qb3+ Rf7 33. Qxb6
Rxb6 34. b4 Rc7 35. f6 gxf6 36. Rxf6 Rxf6 37. Rxf6 Rc3 38. Rb6 Rxa3 39. Rxb7 Rb3
40. b5 Rb2 41. Kh2 Rb3 42. h4 h5 43. b6 Kh8 44. Kg1 Kg8 45. Kf2 Kh8 46. Ke2 Kg8
47. Kd1 Kh8 48. Kc2 Rb5 49. Kc3 Kg8 50. Kc4 Rb1 51. Kc5 Rc1+ 52. Kd6 Rd1+ 53.
Ke6 Re1+ 54. Kf6 Rf1+ 55. Kg6 Rf8 56. Rc7 Kh8 57. b7 Rg8+ 58. Kh6 Rd8 59. Rc8
Kg8 60. Rxd8+ Kf7 61. b8=Q Ke7 62. Qd6+ Kf7 63. Rf8# 1-0

[Event "ch-FRA Blitz Online Qual"]
[Site "Europe-Chess INT"]
[Date "2020.05.16"]
[Round "14"]
[White "Maugenest, Ghislain"]
[Black "Degraeve, Remy"]
[Result "0-1"]
[BlackTitle "FM"]
[WhiteElo "2013"]
[BlackElo "2328"]
[WhiteFideId "36029483"]
[BlackFideId "26024560"]
[EventDate "2020.05.16"]

1. d4 d5 2. c4 c6 3. Nf3 Nf6 4. Nc3 e6 5. Bf4 dxc4 6. a4 Bb4 7. e3 b5 8. Be2 O-O
9. O-O Bb7 10. Qc2 a6 11. Rad1 Nbd7 12. e4 Qb6 13. e5 Bxc3 14. bxc3 Nd5 15. Ng5
g6 16. Bc1 c5 17. h4 cxd4 18. cxd4 Rfc8 19. h5 Nf8 20. Ne4 Nb4 21. Qb1 Bxe4 22.
Qxe4 Qc6 23. Qh4 Nd5 24. Bg5 c3 25. Bf3 c2 26. Rc1 b4 27. Bf6 b3 28. hxg6 fxg6
29. Qh6 Ra7 30. Be4 Qd7 31. g3 Nxf6 32. exf6 Qxd4 33. Qf4 Rf7 34. Kg2 Qxf6 35.
Qe3 Rb8 36. Rh1 b2 37. Rxc2 b1=Q 38. Rxb1 Rxb1 39. Rc8 Rb2 0-1

[Event "ch-FRA Blitz Online Qual"]
[Site "Europe-Chess INT"]
[Date "2020.05.16"]
[Round "14"]
[White "Calistri, Tristan"]
[Black "Zienkiewicz, Alexandre"]
[Result "0-1"]
[WhiteTitle "IM"]
[WhiteElo "2288"]
[BlackElo "2049"]
[WhiteFideId "607843"]
[BlackFideId "20610327"]
[EventDate "2020.05.16"]

1. e4 d6 2. d4 Nf6 3. Nc3 e5 4. Nf3 Nbd7 5. Bc4 Be7 6. O-O O-O 7. Re1 c6 8. a4
b6 9. Bg5 a6 10. d5 c5 11. Nd2 Ne8 12. Bxe7 Qxe7 13. Rb1 g6 14. b4 Ng7 15. Bf1
f5 16. bxc5 bxc5 17. Nc4 f4 18. Na5 Qg5 19. f3 Qh4 20. Qd2 g5 21. Qf2 Qh6 22.
Nc6 Rf7 23. Nd8 Re7 24. Ne6 Kh8 25. Bc4 Nf6 26. Rb6 Nfe8 27. Reb1 Nxe6 28. dxe6
Bxe6 29. Bxe6 Qxe6 30. Nd5 Rg7 31. Rb8 Rxb8 32. Rxb8 g4 33. Qh4 gxf3 34. Nf6
Rxg2+ 35. Kf1 Kg7 36. Rxe8 Qc4+ 37. Ke1 Qe2# 0-1

[Event "ch-FRA Blitz Online Qual"]
[Site "Europe-Chess INT"]
[Date "2020.05.16"]
[Round "14"]
[White "Calvo, Dylan"]
[Black "Shirazi, Kamran"]
[Result "0-1"]
[BlackTitle "IM"]
[WhiteElo "2018"]
[BlackElo "2355"]
[WhiteFideId "36019410"]
[BlackFideId "2000733"]
[EventDate "2020.05.16"]

1. d4 Nf6 2. Nf3 d6 3. c4 Nbd7 4. Nc3 e5 5. dxe5 dxe5 6. g3 Bb4 7. Bd2 Qe7 8.
Bg2 e4 9. Nd4 O-O 10. O-O Re8 11. Nd5 Nxd5 12. cxd5 Bxd2 13. Qxd2 Nf6 14. Nb5
Rd8 15. Rfc1 Nxd5 16. Bxe4 c6 17. Bxd5 Rxd5 18. Nd4 c5 19. e3 cxd4 20. exd4 Bh3
21. Re1 Qf6 22. Qe3 Rf8 23. Rad1 h6 24. f4 Qc6 25. Rc1 Rc5 26. Qe2 Rxc1 0-1